| 000 | 00560nam a22001457a 4500 | ||
|---|---|---|---|
| 082 | _a620.1 | ||
| 100 | _aKamran, Muhammad | ||
| 245 |
_aA Numerical and Experimental Investigation of "Open-hole Compression" Testing Method for 3D Woven Fibre Reinforced Polymeric / _cMuhammad Kamran. |
||
| 260 |
_aIslamabad : _bCEME - NUST, _c2013. |
||
| 300 |
_a102 p. : ill. ; _c30cm. |
||
| 650 |
_aMechanical Engineering - MS Theses. _930365 |
||
| 700 |
_aSup: Dr. Rizwan Saeed Choudhry. _934616 |
||
| 942 |
_2ddc _cTHE |
||
| 999 |
_c540543 _d540543 |
||